UBT Library

B.S., the bureaucratic syndrome / (Record no. 44678)

000 -LEADER
fixed length control field 00662pam a2200229 a 4500
001 - CONTROL NUMBER
control field 3750008
005 - DATE AND TIME OF LATEST TRANSACTION
control field 20180312045258.0
008 - FIXED-LENGTH DATA ELEMENTS--GENERAL INFORMATION
fixed length control field 820216s1982 nyua b 000 0 eng
010 ## - LIBRARY OF CONGRESS CONTROL NUMBER
LC control number 82003410
020 ## - INTERNATIONAL STANDARD BOOK NUMBER
International Standard Book Number 0884270513 :
Terms of availability $10.95
040 ## - CATALOGING SOURCE
Original cataloging agency DLC
Transcribing agency DLC
Modifying agency DLC
041 ## - LANGUAGE CODE
Language code of text/sound track or separate title eng
043 ## - GEOGRAPHIC AREA CODE
Geographic area code n-us---
080 ## - UNIVERSAL DECIMAL CLASSIFICATION NUMBER
Universal Decimal Classification number 353.01 byr
082 00 - DEWEY DECIMAL CLASSIFICATION NUMBER
Classification number 353.01 byr
Edition number 19
100 1# - Rafti
Rafti 50
101 ## - Shkurtesa
Shkurtesa psi
245 10 - TITLE STATEMENT
Title B.S., the bureaucratic syndrome /
Statement of responsibility, etc by Byron L. Johnson & Robert Ewegen ; [book and jacket illustrations by Jerry Breen].
740 0# - ADDED ENTRY--UNCONTROLLED RELATED/ANALYTICAL TITLE
Uncontrolled related/analytical title BS-- the bureaucratic syndrome.
906 ## - LOCAL DATA ELEMENT F, LDF (RLIN)
a 7
b cbc
c orignew
d 1
e ocip
f 19
g y-gencatlg
942 ## - ADDED ENTRY ELEMENTS (KOHA)
Source of classification or shelving scheme
Item type Books
Holdings
Withdrawn status Lost status Source of classification or shelving scheme Damaged status Not for loan Collection code Permanent location Current location Shelving location Date acquired Total Checkouts Full call number Barcode Date last seen Price effective from Koha item type
          Koleksioni i përgjithshem UBT - Lipjan UBT - Lipjan Koleksioni i përgjithshem 03/12/2018   353.01 byr 002-3001814 03/12/2018 03/12/2018 Books
UBT Library © 2015-2024. All rights reserved University Education for Business and Technology